[Event "Bad Wiessee Senioren Cup 8th"]
[Site "Bad Wiessee"]
[Date "2019.05.17"]
[Round "7"]
[White "Wimmer, Alfred"]
[Black "Bartsch, Winfried"]
[Result "1-0"]
[WhiteElo "2042"]
[BlackElo "1798"]
[PlyCount "67"]
[EventDate "2019.05.11"]
[EventType "swiss"]
[EventRounds "9"]
[EventCountry "GER"]
[SourceTitle "EXT 2020"]
[Source "ChessBase"]
[SourceDate "2019.10.17"]
[SourceVersion "1"]
[SourceVersionDate "2019.10.17"]
[SourceQuality "1"]

1. d4 d5 2. c4 e6 3. Nf3 Nf6 4. g3 Be7 5. Bg2 0-0 6. 0-0 Nbd7 7. Nbd2 dxc4 8. Nxc4 c5 9. b3 cxd4 10. Nxd4 Nb6 11. Ne5 a6 12. Bb2 Nfd5 13. e4 Nf6 14. Qc2 Bd7 15. Nxd7 Nfxd7 16. Rad1 Rc8 17. Qe2 Qc7 18. Bc1 Rfe8 19. Be3 Bc5 20. Bh3 e5 21. Nf5 Bxe3 22. Qxe3 Re6 23. Qg5 Kf8 24. Qxg7+ Ke8 25. Qg8+ Nf8 26. Ng7+ Ke7 27. Nxe6 Nxe6 28. Qxh7 Nd7 29. Bxe6 Kxe6 30. Qh6+ f6 31. Rc1 Qd8 32. Rxc8 Qxc8 33. Qh3+ Ke7 34. Rd1 1-0

[Event "Bad Wiessee Senioren Cup 8th"]
[Site "Bad Wiessee"]
[Date "2019.05.16"]
[Round "6"]
[White "Bartsch, Winfried"]
[Black "Klein, Klaus"]
[Result "1-0"]
[WhiteElo "1798"]
[BlackElo "1936"]
[PlyCount "49"]
[EventDate "2019.05.11"]
[EventType "swiss"]
[EventRounds "9"]
[EventCountry "GER"]
[SourceTitle "EXT 2020"]
[Source "ChessBase"]
[SourceDate "2019.10.17"]
[SourceVersion "1"]
[SourceVersionDate "2019.10.17"]
[SourceQuality "1"]

1. e4 c6 2. d4 d5 3. e5 Bf5 4. Nf3 e6 5. Be2 c5 6. c3 Nc6 7. 0-0 cxd4 8. cxd4 Qb6 9. Nc3 Bb4 10. Be3 Nge7 11. Na4 Qc7 12. a3 Ba5 13. b4 Bb6 14. Rc1 a6 15. Nxb6 Qxb6 16. Nh4 0-0 17. Rc5 Rfc8 18. Qd2 Qd8 19. g4 b6 20. Rc3 Bg6 21. f4 Be4 22. f5 Nxf5 23. gxf5 Qxh4 24. Bg5 Qh3 25. Rxh3 1-0

[Event "Wunsiedel op 10th"]
[Site "Wunsiedel"]
[Date "2016.05.06"]
[Round "4"]
[White "Jacobsen, Hans Endrup"]
[Black "Bartsch, Winfried"]
[Result "1-0"]
[WhiteElo "2000"]
[BlackElo "1797"]
[PlyCount "73"]
[EventDate "2016.05.05"]
[EventType "swiss"]
[EventRounds "7"]
[EventCountry "GER"]
[SourceTitle "CBM 172 Extra"]
[Source "ChessBase"]
[SourceDate "2016.06.21"]
[SourceVersion "1"]
[SourceVersionDate "2016.06.21"]
[SourceQuality "1"]

1. Nf3 Nf6 2. g3 g6 3. Bg2 Bg7 4. c4 c5 5. Nc3 d6 6. 0-0 Nc6 7. e3 0-0 8. d4 cxd4 9. exd4 Re8 10. Be3 e6 11. Rc1 e5 12. d5 Nb8 13. b4 Ng4 14. Bg5 Qb6 15. h3 Nh6 16. Qb3 Na6 17. a3 Nc5 18. Qb1 Na6 19. Be3 Qd8 20. Rfd1 Nf5 21. Qd3 Nxe3 22. Qxe3 f5 23. Nd2 f4 24. gxf4 Bh6 25. Nce4 Bxf4 26. Qb3 Rf8 27. c5 dxc5 28. bxc5 Kh8 29. Rc3 Nc7 30. Nd6 b6 31. Nxc8 Rxc8 32. c6 Rf7 33. d6 Qf8 34. dxc7 Rcxc7 35. Ne4 Rf5 36. Rd7 Rf7 37. Rxf7 1-0

[Event "Forchheim op-B 12th"]
[Site "Forchheim"]
[Date "2013.09.27"]
[Round "1"]
[White "Bartsch, Winfried"]
[Black "Brandenburger, Uwe"]
[Result "1/2-1/2"]
[WhiteElo "1883"]
[BlackElo "2020"]
[PlyCount "35"]
[EventDate "2013.09.27"]
[EventType "swiss"]
[EventRounds "5"]
[EventCountry "GER"]
[SourceTitle "EXT 2019"]
[Source "ChessBase"]
[SourceDate "2018.10.10"]
[SourceVersion "1"]
[SourceVersionDate "2018.10.10"]
[SourceQuality "1"]

1. e4 c5 2. Nc3 Nc6 3. g3 g6 4. Bg2 Bg7 5. d3 Rb8 6. f4 b5 7. Nf3 Nf6 8. 0-0 0-0 9. Kh1 d6 10. Ne2 a5 11. Rb1 Be6 12. b3 Qd7 13. Ng5 Bg4 14. Nf3 h6 15. Bb2 a4 16. c3 a3 17. Bc1 b4 18. c4 1/2-1/2